000 00526nam a2200145Ia 4500
008 100204s9999 xx 000 0 und d
082 _b5918
100 _aभागवत भा. रा.
245 _aकॅप्टन किड चा खजिना
260 _b"इंद्र्रायणी साहित्य , पुणे"
_c1984
300 _a100
630 _aकॅप्टन किड चा खजिना
730 _aकॅप्टन किड चा खजिना
942 _cBOOK
999 _c450429
_d450426